NASCAR Xfinity Series Full Time driver lineup (2025) - Statistics

General Stats
  • This quiz has been taken 3 times
  • The average score is 19 of 29
Answer Stats
Hint Answer % Correct
#2 Jesse Love
100%
#42 Anthony Alfredo
67%
#21 Austin Hill
67%
#31 Blaine Perkins
67%
#20 Brandon Jones
67%
#44 Brennan Poole
67%
#1 Carson Kvapil
67%
#16 Christian Eckes
67%
#88 Connor Zilisch
67%
#10 Daniel Dye
67%
#26 Dean Thompson
67%
#25 Harrison Burton
67%
#27 Jeb Burton
67%
#51 Jeremy Clements
67%
#91 Josh Bilicki
67%
#11 Josh Williams
67%
#7 Justin Allgaier
67%
#28 Kyle Sieg
67%
#99 Matt Dibenedetto
67%
#48 Nick Sanchez
67%
#4 Parker Retzlaff
67%
#71 Ryan Ellis
67%
#39 Ryan Sieg
67%
#41 Sam Mayer
67%
#8 Sammy Smith
67%
#00 Sheldon Creed
67%
#54 Taylor Gray
67%
#18 William Sawalich
67%
#5 Kris Wright
33%
No matching quizzes found
Score Distribution
Percent of People with Each Score
Percentile by Number Answered
Your Score History
You have not taken this quiz